000 00251nam a22001097a 4500
082 _a659.2 ABD'E
100 _aABDUL, HAKIM MAJOR
_977668
245 _aESSENETIAL OF PUBLIC RELATIONS
260 _aKARACHI
_bTIMES
_c1975
300 _a300P
942 _cBK
999 _c582913
_d582913